Statistics for All urban areas of the world with over 10,000,000 people.

Click here to take the quiz!

General Stats

  • This quiz has been taken 75 times
  • The average score is 12 of 14

Answer Stats

PopulationAnswer% Correct
16,000,000Beijing
97%
36,100,000Tokyo-Yokohama
97%
18,100,000New York City
94%
27,000,000Delhi-National Capital Territory
89%
15,900,000Guangzhou
89%
17,800,000Mumbai-Kalyan
89%
20,000,000Shanghai
89%
11,200,000Moscow
88%
19,000,000Mexico City
85%
18,900,000São Paulo
83%
18,900,000Jakarta
82%
14,000,000Cairo
76%
12,900,000Osaka-Kobe
74%
15,000,000Kolkata
68%

Score Distribution

Percentile by Number Answered

Percent of People with Each Score

Your Score History

You have not taken this quiz